| 000 | 00599nam a22002052 4500 | ||
|---|---|---|---|
| 001 | 0000004806 | ||
| 005 | 20151217155826.0 | ||
| 008 | 070530s xx 000 0 eng d | ||
| 040 |
_aKABU _cKABU |
||
| 050 | 0 |
_aSK575 _b.T3M66 |
|
| 100 | 1 |
_aMoore, Audrey. _@0000155625 |
|
| 245 | 1 | 0 | _aSerengeti. |
| 260 |
_aLondon : _bCountry Life, _c1938. |
||
| 300 | _axvi, 265 p. | ||
| 650 | 0 |
_aSerengeti plain (Tanzania) _@0000155626 |
|
| 650 | 0 |
_aWildlife conservation _zTanzania _zSerengeti Plain. _@0000155627 |
|
| 908 | _a070530 | ||
| 950 | _@1 | ||
| 999 |
_c12932 _d12932 |
||